16 Najwiekszych Miejscowości w Województwie Lubuskim (2019) - Statystyki

Ogólne statystyki
  • Ten quiz został rozwiązany 37 razy
  • Średni wynik to 10 z 16
Statystyki odpowiedzi
Hint Odpowiedź % Poprawnych
123,995 Gorzów Wielkopolski
96%
139,330 Zielona Góra
96%
39,258 Nowa Sól
79%
22,010 Świebodzin
75%
38,048 Żary
75%
26,188 Żagań
71%
18,309 Międzyrzecz
64%
16,800 Słubice
64%
18,055 Kostrzyn nad Odrą
57%
11,606 Krosno Odrzańskie
57%
16,773 Gubin
50%
10,340 Drezdenko
46%
17,068 Sulechów
43%
14,123 Wschowa
39%
12,082 Szprotawa
36%
14,221 Lubsko
29%
Nie znaleziono quizów pasujących do podanych kryteriów
Rozkład punktacji
Procent ludzi z każdym wynikiem
Percentyl według liczby udzielonych odpowiedzi
Twoja historia wyników
Nie rozwiązałeś tego quizu